00286nam a2200097Ia 45000010005000000080041000050820024000461000072000702450023001422600023001652285241024s9999 xx 000 0 und d aRD/368.4/C755m/2011 aRepública Dominicana. Consejo Nacional de Seguridad Social (CNSS) 0aMemoria Anual 2011 bEd. Corripioc2012